Maggior numero di Gran Premi disputati in Formula 1 - Statistics

Statistiche generali
  • Questo quiz è stato fatto 103 volte
  • Il punteggio medio è 14 su 21
Statistiche sulle risposte
Nazione Gran premi disputati Pilota % Corretto
Regno Unito 327 Lewis Hamilton
100%
Spagna 372 Fernando Alonso
99%
Finlandia 349 Kimi Räikkönen
98%
Germania 306 Michael Schumacher
90%
Germania 299 Sebastian Vettel
89%
Messico 252 Sergio Pérez
88%
Australia 234 BaDaniel Ricciardo
77%
Brasile 269 Felipe Massa
74%
Finlandia 217 Valtteri Bottas
74%
Brasile 322 Rubens Barrichello
70%
Regno Unito 306 BaJenson Button
67%
Italia 252 Jarno Trulli
66%
Italia 229 Giancarlo Fisichella
62%
Australia 215 Mark Webber
61%
Germania 206 Nico Rosberg
60%
Brasile 204 Nelson Piquet
55%
Italia 256 Riccardo Patrese
38%
Austria 210 Gerhard Berger
27%
Regno Unito 246 David Coulthard
26%
Francia 201 Jean Alesi
16%
Italia 208 Andrea De Cesaris
15%
Nessun quiz corrispondente trovato
Distribuzione punteggi
Percentuale di utenti per punteggio
Percentile per numero di risposta
I tuoi punteggi nel tempo
Non hai fatto questo quiz